| 000 | 00400cam a22001217a 4500 | ||
|---|---|---|---|
| 008 | 180718b1945 xxu||||| |||| 00| 0 eng d | ||
| 082 | _aZ4x54 FC | ||
| 100 | _aIndia. Famine Inquiry Commission | ||
| 245 | _aThe Famine Inquiry Commission | ||
| 260 |
_aDelhi _bThe Manager of Publications _c1945 |
||
| 500 | _aLibrary has Report on Bengal. 236p.;Final report. 518p. | ||
| 700 | _aWoodhead, John (Chairman) | ||
| 999 |
_c489908 _d489908 |
||